| 000 | 00485nam a22001937a 4500 | ||
|---|---|---|---|
| 003 | OSt | ||
| 005 | 20140310184513.0 | ||
| 008 | 131016t xxu||||| |||| 00| 0 eng d | ||
| 020 | _a0439574242 | ||
| 050 |
_aPZ 7 _b.K57 2003 |
||
| 100 |
_aKipling, Rudyard _92818 |
||
| 245 |
_aThe Jungle Book _cRudyard Kipling |
||
| 260 |
_aNew York : _bScholastic, Inc., _cc2003 |
||
| 300 |
_a124 p. : _c20 cm. |
||
| 521 | _aG9 | ||
| 526 | _c1140 | ||
| 942 |
_2lcc _cBK-SCHOLAS |
||
| 999 |
_c34918 _d34918 |
||